000 01203nmm a2200325 a 4500
001 ocm0002146769
003 TR-IsHL
005 20201028183800.0
008 190419s2016 tu tur
007 cr cn
020 _a9786059319232
035 _a2146769
_b(N$T)
050 0 4 _aRA443
_b.L3619 2016
090 0 4 _aRA443
_b.L3619 2016
100 1 _aLapon, Lenny
245 1 0 _aBeyaz önlüklü katiller: Nazi Almanyası ve Birleşik Devletler'de psikiyatrik soykırım
_h[electronic resource] /
_cLenny Lapon ; çeviri Burcu Denizci
250 _a1. Baskı
260 _aİstanbul :
_bPales Yayınları,
_c2016
300 _a379 p.
500 _aÖzgün adı: Mass murderers in white coats : psychiatric genocide in Nazi Germany and the United States
650 4 _aTıp
650 4 _aMedicine
650 0 _aNasyonal sosyalizm
650 0 _aNational socialism
650 0 _aPsikiyatri hastane hastaları
_x Medeni haklar
650 0 _aPsychiatric hospital patients
_x Civil rights
650 7 _aPSYCHOLOGY / Psychopathology / General
_2bisacsh
700 1 _aDenizci, Burcu
856 4 0 _uhttp://search.ebscohost.com/login.aspx?direct=true&scope=site&db=e011xww&AN=2146769
999 _c20698
_d20698